000 01445 a2200241 4500
001 10
005 20260407155401.0
008 260407a2005 arg spa d
003 AR-UNSa-BCEJYS
040 _aAR-UNSa-BCEJYS
_bspa
_cAR-UNSa-BCEJYS
080 _a330.101.542
_xMicroeconomía
245 1 0 _aMicroeconomia y conducta
020 _a978-84-481-9848-0
250 _a5a. ed
264 1 _aMadrid :
_bMcGraw-Hill
_c2005
300 _axxx, 649 p.
_c25 cm
505 _a1. Pensar como un economista - 2. La oferta y la demanda - 3. La elección racional del consumidor - 4. La demanda del consumidor y del mercado - 5. Aplicaciones de las teorías de la elección racional y de la demanda - 6. La economía de la informcaión y la elección en condiciones de incertidumbre - 7. Explicación de los gustos: la importancia del altruismo y de otros tipos de conducta interesada - 8. Limitaciones cognoscitivas y conducta del consumidor - 9. La producción - 10. Los costes - 11. La competencia perfecta - 12. El monopolio - 13. La competencia imperfecta: un enfoque basado en la teoría de los juegos - 14. El trabajo - 15. El capital - 16. El equilibrio general y la eficiencia del mercado - 17. Las externalidades, los derechos de propiedad y el teorema de Coase - 18. El estado
942 _cBK
590 _aniveau_biblio:m niveau_hierar:0
100 1 _aFrank, Robert H.
700 1 _aRabasco, María Esther
700 1 _aToharia Cortés, Luis
999 _c8
_d8